| 000 | 01230cam a22002771i 4500 | ||
|---|---|---|---|
| 003 | SA-RiAUC | ||
| 005 | 20250116083905.0 | ||
| 008 | 250107s2008 le g 000 0 ara c | ||
| 020 | _a9789953816784 | ||
| 040 |
_aSA-MaUQU _bara _cSA-RiAUC _erda |
||
| 082 | 0 | 4 |
_a252.22 _qSA-RiAUC |
| 090 |
_a252.22 _b ش و ك |
||
| 100 | 1 |
_aالشوكاني، محمد بن علي بن محمد، _d1173-1250 هجري _eمؤلف. |
|
| 245 | 1 | 0 |
_aتحرير الدلايل على مقدار ما يجوز بين الإمام والمؤتم من الارتفاع والانخفاض والبعد والحايل / _cمحمد بن علي الشوكاني ؛ تحقيق أبي عاصم عبد الحميد علاو. |
| 250 | _aالطبعة الأولى. | ||
| 264 | 1 |
_aبيروت : _bدار ابن حزم، _c2008 |
|
| 300 |
_a116 صفحة ؛ _c24 سم |
||
| 336 |
_aنص _btxt _2rdacontent _3كتاب |
||
| 337 |
_aبدون وسيط _bn _2rdamedia |
||
| 338 |
_aمجلد _bnc _2rdacarrier |
||
| 650 | 7 |
_aصلاة الجماعة (فقه إسلامي) _2aucsh |
|
| 650 | 7 |
_aالإمامة في الصلاة _2aucsh |
|
| 700 | 1 |
_aعلاو، عبد الحميد _eمحقق. |
|
| 942 |
_2ddc _cBOOK _n0 |
||
| 949 |
_aSA-JeALM _d250107 _umohamedma123 _n1 |
||
| 999 |
_c4873 _d4873 |
||